000
00321nam a2200145Ia 4500
100
_a
Marino/ L.R.
942
_c
RB
654
_a
computer design
245
_a
Principles of Computer Design
260
_b
Computer Science Press
_a
USA
_c
1986
082
_a
620.004028
300
_a
577
546
_a
ENGLISH
999
_c
24993
_d
24993